Представление документа в формате MARC21

Поле Инд. ПП Название Значение
Тип записи a
Библиографический уровень b
001 Контрольный номер RU/IS/BASE/289672350
005 Дата корректировки 20200522191310.4
008 Кодируемые данные 20090306
040 b Код языка каталог. rus
e Правила каталог. PSBO
041 0_ a Код языка текста rus
084 a Индекс другой классификации/Индекс ББК 83.01; 83.001
100 1_ a Автор Калыгин А.
245 10 a Заглавие Цитата как иконический знак
504 a Библиография Библиогр. - Примеч.: с. 112
650 04 a Основная рубрика литературоведение
a Основная рубрика поэтика
a Основная рубрика теория литературы
a Основная рубрика филологические науки
a Основная рубрика семиотика
653 0_ a Ключевые слова иконический знак
a Ключевые слова цитаты
773 08 t Заглавие источника Вестник Московского университета. Серия 9, Филология
d Дата издания источника 2008
g Прочая информация № 2. - С. 109 - 112
w Контрольный № источника RU/IS/BASE/286474537
901 t Тип документа b